<?xml version="1.0" encoding="UTF-8"?><?xml-stylesheet type="text/xsl" href="static/style.xsl"?><OAI-PMH xmlns="http://www.openarchives.org/OAI/2.0/" xmlns:xsi="http://www.w3.org/2001/XMLSchema-instance" xsi:schemaLocation="http://www.openarchives.org/OAI/2.0/ http://www.openarchives.org/OAI/2.0/OAI-PMH.xsd"><responseDate>2026-06-29T21:06:40Z</responseDate><request verb="GetRecord" identifier="oai:riubu.ubu.es:10259/84" metadataPrefix="marc">https://riubu.ubu.es/oai/request</request><GetRecord><record><header><identifier>oai:riubu.ubu.es:10259/84</identifier><datestamp>2022-04-27T08:09:47Z</datestamp><setSpec>com_10259_2699</setSpec><setSpec>col_10259_2713</setSpec></header><metadata><record xmlns="http://www.loc.gov/MARC21/slim" xmlns:doc="http://www.lyncode.com/xoai" xmlns:xsi="http://www.w3.org/2001/XMLSchema-instance" xmlns:dcterms="http://purl.org/dc/terms/" xsi:schemaLocation="http://www.loc.gov/MARC21/slim http://www.loc.gov/standards/marcxml/schema/MARC21slim.xsd">
<leader>00925njm 22002777a 4500</leader>
<datafield tag="042" ind1=" " ind2=" ">
<subfield code="a">dc</subfield>
</datafield>
<datafield tag="720" ind1=" " ind2=" ">
<subfield code="a">Rodríguez, Berenice Larios de</subfield>
<subfield code="e">author</subfield>
</datafield>
<datafield tag="260" ind1=" " ind2=" ">
<subfield code="c">2007</subfield>
</datafield>
<datafield tag="520" ind1=" " ind2=" ">
<subfield code="a">Realizamos la investigación en dos etapas; una exploratoria, desde la cual caracterizamos las representaciones mentales de docentes de ciencias sobre el universo y los elementos que incluyeron en los modelos cosmológicos que lo explican y la otra experimental, donde aplicamos una estrategia metodológica inspirada en los puntos de encuentro de las teorías de los modelos mentales de Johnson-Laird y de los campos conceptuales de Gérard Vergnaud, cuyo objetivo fue promover la evolución de esas representaciones mentales acercando a los representadores a un mayor nivel de conocimiento sobre las teorías y modelos cosmológicos recientes, proceso que nos permitió relacionar las representaciones mentales de las personas con el nivel de comprensión que tienen de un fenómeno y desvelar por ejemplo, que la formación en ciencias que se ofrece a los educandos no les posibilita formar representaciones científicamente válidas sobre el universo. &#xd;
Palabras clave: Universo, representaciones mentales, modelos, evolución. __________________________________________ We carried out an investigation in two stages; an exploratory one, from which we characterized the mental representations about the universe of science teachers and the elements that explain the universe included by them in their cosmological models; and the other one experimental, where we applied a methodological strategy inspired by common points of the theories of the mental models of Johnson-Laird and of the conceptual fields of Gérard Vergnaud whose objective was to promote the evolution of those mental representations bringing those who built representations near to a greater level of knowledge on the theories and recent cosmological models.</subfield>
</datafield>
<datafield tag="024" ind2=" " ind1="8">
<subfield code="a">978-84-96394-93-3</subfield>
</datafield>
<datafield tag="024" ind2=" " ind1="8">
<subfield code="a">http://hdl.handle.net/10259/84</subfield>
</datafield>
<datafield tag="024" ind2=" " ind1="8">
<subfield code="a">10.36443/10259/84</subfield>
</datafield>
<datafield ind1=" " ind2=" " tag="653">
<subfield code="a">Universo</subfield>
</datafield>
<datafield ind1=" " ind2=" " tag="653">
<subfield code="a">representaciones mentales</subfield>
</datafield>
<datafield ind1=" " ind2=" " tag="653">
<subfield code="a">modelos cosmológicos</subfield>
</datafield>
<datafield ind1=" " ind2=" " tag="653">
<subfield code="a">evolución</subfield>
</datafield>
<datafield ind1=" " ind2=" " tag="653">
<subfield code="a">esquemas</subfield>
</datafield>
<datafield ind1=" " ind2=" " tag="653">
<subfield code="a">Universe</subfield>
</datafield>
<datafield ind1=" " ind2=" " tag="653">
<subfield code="a">mental representation</subfield>
</datafield>
<datafield ind1=" " ind2=" " tag="653">
<subfield code="a">cosmological models</subfield>
</datafield>
<datafield ind1=" " ind2=" " tag="653">
<subfield code="a">evolution</subfield>
</datafield>
<datafield ind1=" " ind2=" " tag="653">
<subfield code="a">schemes</subfield>
</datafield>
<datafield tag="245" ind1="0" ind2="0">
<subfield code="a">Representaciones mentales de docentes sobre el universo : los modelos cosmológicos que lo explican y aplicación de una estrategia metodológica para promover su evolución</subfield>
</datafield>
</record></metadata></record></GetRecord></OAI-PMH>